000 00700nam a2200253 i 4500
001 C2-0267221
003 PPAK
005 20180727234506.0
008 050912s2004 my a|||| ||||| | chi d
020 _a9830371239
040 _aPPAK
_beng
_cPPAK
_erda
082 0 4 _a305.6971051
_223
090 0 0 _a305.6971051
_bYUS
_dR
100 0 _aYusuf Liu Baojun,
_eauthor
245 1 0 _aExodus through Tian Shan
264 1 _aShah Alam, Selangor :
_bAnzagain ,
_c2004
300 _avi, 152 pages :
_billustrations ;
_c26 cm
336 _2rdacontent
_atext
337 _2rdamedia
_aunmediated
338 _2rdacarrier
_avolume
500 _aText in Chinese
650 1 0 _aMuslims - China
942 _ddc
_cB
999 _c76233
_d76233